000
00279nam a22001217a 4500
041
_a
ENG
100
_a
Husain .A
245
_a
Fundamentals Of Electrical Engineering
260
_a
Delhi
_b
Dhanpat Rai & Co. ( Pvt ) Ltd
_c
1997
300
_a
687
650
_a
EOES
856
_u
EOES
999
_c
512
_d
512